000 00372nam a2200157Ia 4500
008 230917s9999||||xx |||||||||||||| ||und||
040 _e148899
_aMAIN
041 _aEnglish
082 _a342 W119A
100 _aWade, Sir William
245 0 _aAdministrative law
250 _a9th ed.
260 _aDelhi
_bUniversal Law
_c2007
300 _axc, 1035 p.
942 _cBK
999 _c144641
_d144641